[Event "Titled Tuesday intern op 16th Apr Late"]
[Site "Chess.com INT"]
[Date "2024.04.16"]
[Round "2"]
[White "Tymrakiewicz, Rafal"]
[Black "Uzuner, Tufan Can"]
[Result "1-0"]
[WhiteElo "2135"]
[BlackElo "1895"]
[PlyCount "101"]
[EventDate "2024.04.16"]
[EventType "swiss (blitz)"]
[EventRounds "11"]
[EventCountry "USA"]
[SourceTitle "CB17_2024"]
[SourceDate "2024.04.24"]
[SourceVersion "1"]
[SourceVersionDate "2024.04.24"]
[SourceQuality "1"]

1. d4 d5 2. Bg5 c5 3. e3 cxd4 4. exd4 Nc6 5. c3 Bf5 6. Qb3 Qb6 7. Qxb6 axb6 8. Nd2 f6 9. Be3 e6 10. Ngf3 Bd6 11. h3 Bg6 12. Nh4 Bf7 13. g4 Nge7 14. f4 0-0 15. Bd3 e5 16. 0-0 e4 17. Be2 Be6 18. Ng2 f5 19. b3 Ra3 20. Nb1 Ra7 21. a4 Raa8 22. Na3 Rac8 23. Nb5 Bb8 24. b4 Na7 25. Nxa7 Bxa7 26. Bd2 Bb8 27. g5 Bd6 28. Kf2 Rc7 29. Ke3 Rfc8 30. Rfc1 Ng6 31. h4 Ne7 32. Ne1 h6 33. a5 bxa5 34. Rxa5 hxg5 35. hxg5 Ng6 36. Ng2 Bxb4 37. cxb4 Rxc1 38. Bxc1 Rxc1 39. Rc5 Rxc5 40. dxc5 Kf8 41. Bh5 Ke7 42. Bxg6 Kd7 43. Nh4 Kc6 44. Bxf5 Bg8 45. Kd4 Kb5 46. Bc8 Kxb4 47. Bxb7 e3 48. Nf3 Kb5 49. g6 e2 50. f5 Ka5 51. Bxd5 1-0

[Event "Titled Tuesday intern op 02nd Apr Early"]
[Site "Chess.com INT"]
[Date "2024.04.02"]
[Round "8"]
[White "Tan, Ralph"]
[Black "Tymrakiewicz, Rafal"]
[Result "0-1"]
[WhiteElo "2004"]
[BlackElo "2135"]
[PlyCount "126"]
[EventDate "2024.04.02"]
[EventType "swiss (blitz)"]
[EventRounds "11"]
[EventCountry "USA"]
[SourceTitle "CB15_2024"]
[SourceDate "2024.04.10"]
[SourceVersion "1"]
[SourceVersionDate "2024.04.10"]
[SourceQuality "1"]

1. e4 Nf6 2. e5 Nd5 3. d4 d6 4. c4 Nb6 5. Nf3 g6 6. Nc3 Bg7 7. exd6 cxd6 8. Be2 0-0 9. 0-0 Bg4 10. b3 d5 11. c5 Nc8 12. Bf4 Nc6 13. Ne5 Bxe2 14. Nxe2 f6 15. Nxc6 bxc6 16. Rc1 e5 17. dxe5 fxe5 18. Bg3 Ne7 19. Re1 Nf5 20. b4 a6 21. a4 Rb8 22. Qd3 Rxb4 23. Qxa6 Qa8 24. Qxa8 Rxa8 25. Nc3 Nxg3 26. hxg3 e4 27. Ne2 Raxa4 28. Nf4 Kf7 29. f3 e3 30. Kh2 d4 31. Rcd1 Ra5 32. Rb1 Rab5 33. Ra1 Rb3 34. Ra7+ Rb7 35. Ra6 g5 36. Nh3 Rb1 37. Rxb1 Rxb1 38. Rxc6 e2 39. Nxg5+ Kf8 40. Rc8+ Ke7 41. Rc7+ Ke8 42. Rxg7 e1Q 43. Kh3 Qh1+ 44. Kg4 h5+ 45. Kf5 Re1 46. Rg8+ Kd7 47. Ne4 Rxe4 48. Kxe4 Qxg2 49. Kxd4 Qxf3 50. Rg7+ Kc6 51. Rg6+ Kb5 52. Rb6+ Ka5 53. Ke5 Qxg3+ 54. Kd5 Qf3+ 55. Kd6 h4 56. Rb7 Qxb7 57. c6 Qxc6+ 58. Kxc6 h3 59. Kd5 h2 60. Ke4 h1Q+ 61. Kf4 Qh3 62. Kg5 Qh2 63. Kg6 Qe5 0-1

[Event "Titled Tuesday intern op 02nd Apr Early"]
[Site "Chess.com INT"]
[Date "2024.04.02"]
[Round "7"]
[White "Tulchynskyi, Feliks"]
[Black "Tymrakiewicz, Rafal"]
[Result "1-0"]
[WhiteElo "2233"]
[BlackElo "2135"]
[PlyCount "145"]
[EventDate "2024.04.02"]
[EventType "swiss (blitz)"]
[EventRounds "11"]
[EventCountry "USA"]
[SourceTitle "CB15_2024"]
[SourceDate "2024.04.10"]
[SourceVersion "1"]
[SourceVersionDate "2024.04.10"]
[SourceQuality "1"]

1. e4 Nf6 2. e5 Nd5 3. Nc3 Nxc3 4. dxc3 d5 5. exd6 cxd6 6. Nf3 g6 7. Bd3 Bg7 8. h4 Bg4 9. Qe2 Nc6 10. Bf4 e5 11. Qe3 0-0 12. Bh6 e4 13. Bxg7 Kxg7 14. Bxe4 Re8 15. 0-0-0 f5 16. h5 Rxe4 17. Qd2 Bxh5 18. Ng5 Re2 19. Qf4 Qe7 20. Rxh5 gxh5 21. Qxf5 Kg8 22. f4 Rf8 23. Qd5+ Kh8 24. b4 Rxf4 25. Nf3 a6 26. a4 Qe3+ 27. Kb2 Qe6 28. Qg5 Rf8 29. b5 Na5 30. Nd4 Qc4 31. Nxe2 Qxe2 32. Qh6 Qe7 33. Re1 Nc4+ 34. Kb3 Ne5 35. Qxh5 Qf7+ 36. Qxf7 Rxf7 37. Rd1 axb5 38. axb5 Rf6 39. Ra1 Kg7 40. Ra7 Rf7 41. c4 Kf6 42. Kb4 Ke6 43. Ra8 b6 44. Rb8 Nd7 45. Re8+ Kf5 46. Kc3 Rg7 47. Re2 Rg3+ 48. Kd4 Nf6 49. Re7 Rg4+ 50. Kd3 h5 51. Rb7 Rg3+ 52. Kd4 Rg4+ 53. Kd3 Rg3+ 54. Kd4 Rxg2 55. Rxb6 Ne4 56. Rb8 Rd2+ 57. Ke3 Rxc2 58. Rf8+ Nf6 59. Kd4 Rd2+ 60. Kc3 Rd1 61. Kc2 Rd4 62. Kc3 Rd1 63. Kc2 Ra1 64. b6 Ra6 65. b7 Rb6 66. b8Q Rxb8 67. Rxb8 Ke5 68. Kd3 Ng4 69. Re8+ Kf5 70. Kd4 Ne5 71. Kd5 h4 72. Rf8+ Kg4 73. c5 1-0

[Event "Titled Tuesday intern op 13th Feb Early"]
[Site "Chess.com INT"]
[Date "2024.02.13"]
[Round "6"]
[White "Van Baar, Esper"]
[Black "Tymrakiewicz, Rafal"]
[Result "0-1"]
[WhiteElo "2208"]
[BlackElo "2168"]
[PlyCount "42"]
[EventDate "2024.02.13"]
[EventType "swiss (blitz)"]
[EventRounds "11"]
[EventCountry "USA"]
[SourceTitle "CB08_2024"]
[SourceDate "2024.02.21"]
[SourceVersion "1"]
[SourceVersionDate "2024.02.21"]
[SourceQuality "1"]

1. Nf3 d6 2. d4 Nf6 3. g3 Nc6 4. Bg2 e5 5. dxe5 dxe5 6. Qxd8+ Kxd8 7. c3 a5 8. a4 Bc5 9. 0-0 Ke7 10. Bg5 h6 11. Bxf6+ Kxf6 12. Nbd2 Ke7 13. Ne4 Bb6 14. c4 Be6 15. c5 Ba7 16. Rac1 Rad8 17. e3 f5 18. Nc3 e4 19. Ne1 Rd2 20. Nc2 Rhd8 21. Rfe1 Ne5 0-1

[Event "Titled Tuesday intern op 16th Jan Early"]
[Site "Chess.com INT"]
[Date "2024.01.16"]
[Round "7"]
[White "Nikulina, Alena"]
[Black "Tymrakiewicz, Rafal"]
[Result "0-1"]
[WhiteElo "1844"]
[BlackElo "2168"]
[PlyCount "130"]
[EventDate "2024.01.16"]
[EventType "swiss (blitz)"]
[EventRounds "11"]
[EventCountry "USA"]
[SourceTitle "CB04_2024"]
[SourceDate "2023.10.16"]
[SourceVersion "1"]
[SourceVersionDate "2023.10.16"]
[SourceQuality "1"]

1. e4 Nf6 2. e5 Nd5 3. d4 d6 4. Bc4 Nb6 5. Bb3 d5 6. c3 Bf5 7. Ne2 e6 8. 0-0 c5 9. Bc2 Bxc2 10. Qxc2 Nc6 11. a3 cxd4 12. cxd4 Rc8 13. Qd3 Na5 14. Nbc3 Be7 15. f4 g6 16. Qb5+ Nd7 17. Qd3 Qb6 18. Na4 Qa6 19. Qxa6 bxa6 20. Nac3 0-0 21. Rb1 Nb3 22. Be3 Rc4 23. Rfd1 Rb8 24. Kf2 Nb6 25. g4 Rcc8 26. Kg3 Nc4 27. Bf2 Nbd2 28. Rbc1 Rxb2 29. f5 Rcb8 30. fxg6 hxg6 31. Ra1 Ne4+ 32. Nxe4 dxe4 33. Nf4 R8b3+ 34. Kg2 Ne3+ 35. Kg1 Nxd1 36. Rxd1 Rb1 37. Rxb1 Rxb1+ 38. Kg2 Bg5 39. Be3 Rb2+ 40. Kg3 Rb3 41. Kf2 Bxf4 42. Bxf4 Rf3+ 43. Ke2 Rxf4 44. Ke3 Rxg4 45. h3 Rh4 46. d5 exd5 47. e6 fxe6 48. a4 e5 49. a5 d4+ 50. Ke2 Kf7 51. Kf2 Rxh3 52. Kg2 Ra3 53. Kf2 Kf6 54. Ke2 Kf5 55. Kd2 Kg4 56. Ke2 e3 57. Kf1 d3 58. Kg2 Rxa5 59. Kh2 Kf3 60. Kh3 e4 61. Kh2 Kf2 62. Kh3 d2 63. Kg4 Rf5 64. Kh4 Kf3 65. Kh3 Rh5# 0-1

[Event "Titled Tuesday intern op 16th Jan Early"]
[Site "Chess.com INT"]
[Date "2024.01.16"]
[Round "9"]
[White "Tymrakiewicz, Rafal"]
[Black "Lehtosaari, Mauri"]
[Result "0-1"]
[WhiteElo "2168"]
[BlackElo "2145"]
[PlyCount "70"]
[EventDate "2024.01.16"]
[EventType "swiss (blitz)"]
[EventRounds "11"]
[EventCountry "USA"]
[SourceTitle "CB04_2024"]
[SourceDate "2023.10.16"]
[SourceVersion "1"]
[SourceVersionDate "2023.10.16"]
[SourceQuality "1"]

1. d4 d5 2. Bg5 h6 3. Bf4 c5 4. e3 Nc6 5. c3 cxd4 6. exd4 Bf5 7. Nf3 Qb6 8. Qb3 e6 9. Bb5 f6 10. 0-0 g5 11. Bg3 Nge7 12. Re1 Kf7 13. Nbd2 a6 14. Bf1 Qa7 15. a4 Bg7 16. a5 Rhe8 17. Qa4 Rac8 18. Nb3 h5 19. h3 g4 20. hxg4 hxg4 21. Nh4 Bh6 22. Nc5 Bg5 23. Qd1 Bxh4 24. Bxh4 Ng6 25. Bg3 Rh8 26. Bd3 Nce7 27. Bxf5 exf5 28. Qd2 Rh5 29. Kf1 Rxc5 30. dxc5 Qxc5 31. Qd4 Qb5+ 32. Kg1 Qe8 33. Kf1 Qb5+ 34. c4 dxc4 35. Re2 Rh1# 0-1

[Event "Titled Tuesday intern op 16th Jan Early"]
[Site "Chess.com INT"]
[Date "2024.01.16"]
[Round "3"]
[White "Tymrakiewicz, Rafal"]
[Black "Suyarov, Mukhammadzokhid"]
[Result "0-1"]
[WhiteElo "2168"]
[BlackElo "2413"]
[PlyCount "92"]
[EventDate "2024.01.16"]
[EventType "swiss (blitz)"]
[EventRounds "11"]
[EventCountry "USA"]
[SourceTitle "CB04_2024"]
[SourceDate "2023.10.16"]
[SourceVersion "1"]
[SourceVersionDate "2023.10.16"]
[SourceQuality "1"]

1. e4 e5 2. Nf3 Nf6 3. Nc3 Nc6 4. a3 d5 5. exd5 Nxd5 6. Bb5 Nxc3 7. bxc3 Bd6 8. d4 exd4 9. cxd4 0-0 10. 0-0 Bg4 11. Be2 Qf6 12. c3 h6 13. h3 Bh5 14. Rb1 Rab8 15. Re1 Rfe8 16. Rb5 Bg6 17. Bf1 b6 18. Bd3 Rxe1+ 19. Nxe1 Re8 20. Nf3 Na5 21. Be3 Bxd3 22. Qxd3 Bxa3 23. Ne5 Bd6 24. f4 Qe6 25. f5 Qa2 26. f6 a6 27. Rb1 Bxe5 28. dxe5 Nc4 29. Bf4 Nxe5 30. Bxe5 Rxe5 31. fxg7 Qd5 32. Qg3 Rg5 33. Qf2 Qc5 34. Ra1 a5 35. Qxc5 Rxc5 36. Ra3 Kxg7 37. Kf2 h5 38. Ke3 Kf6 39. Kd4 Ke6 40. g3 Rd5+ 41. Ke4 Re5+ 42. Kd4 Re2 43. c4 f5 44. c5 Re4+ 45. Kd3 Rb4 46. cxb6 cxb6 0-1

[Event "Titled Tuesday intern op 09th Jan Early"]
[Site "Chess.com INT"]
[Date "2024.01.09"]
[Round "7"]
[White "Antunez, Soler Luis"]
[Black "Tymrakiewicz, Rafal"]
[Result "1-0"]
[WhiteElo "2200"]
[BlackElo "2168"]
[PlyCount "73"]
[EventDate "2024.01.09"]
[EventType "swiss (blitz)"]
[EventRounds "11"]
[EventCountry "USA"]
[SourceTitle "CB03_2024"]
[SourceDate "2024.01.17"]
[SourceVersion "1"]
[SourceVersionDate "2024.01.17"]
[SourceQuality "1"]

1. e4 Nf6 2. e5 Nd5 3. Nc3 Nxc3 4. dxc3 d5 5. Nf3 c5 6. Bb5+ Nc6 7. Qe2 Bg4 8. Bf4 e6 9. h3 Bh5 10. g4 Bg6 11. 0-0-0 a6 12. Bd3 b5 13. h4 Qa5 14. Kb1 Rb8 15. Bxg6 hxg6 16. h5 gxh5 17. Ng5 c4 18. Rxd5 exd5 19. e6 f6 20. Nf7 Rg8 21. Bxb8 Nxb8 22. g5 Qb6 23. Rd1 d4 24. cxd4 Nc6 25. d5 Ne5 26. d6 Bxd6 27. Nxd6+ Ke7 28. f4 Kxe6 29. fxe5 fxe5 30. Qxh5 g6 31. Qh7 Rf8 32. Qxg6+ Kd7 33. Nxc4+ Kc7 34. Qxb6+ Kc8 35. Qxa6+ Kc7 36. Qa7+ Kc6 37. Rd6# 1-0

[Event "Titled Tuesday intern op 12th Dec Early"]
[Site "Chess.com INT"]
[Date "2023.12.12"]
[Round "4"]
[White "Tymrakiewicz, Rafal"]
[Black "Khamdamova, Afruza"]
[Result "0-1"]
[WhiteElo "2147"]
[BlackElo "2327"]
[PlyCount "72"]
[EventDate "2023.12.12"]
[EventType "swiss (blitz)"]
[EventRounds "11"]
[EventCountry "USA"]
[SourceTitle "CB51_2023"]
[SourceDate "2023.12.20"]
[SourceVersion "1"]
[SourceVersionDate "2023.12.20"]
[SourceQuality "1"]

1. d4 Nf6 2. Bg5 Ne4 3. Bf4 d5 4. e3 c5 5. Bd3 Nc6 6. Bxe4 dxe4 7. d5 Nb4 8. Nc3 Bf5 9. Nge2 Qd7 10. Ng3 Rd8 11. 0-0 g6 12. a3 Nxd5 13. Nxd5 Qxd5 14. Qxd5 Rxd5 15. Rfd1 Rxd1+ 16. Rxd1 Bg7 17. Nxf5 gxf5 18. c3 b6 19. Bb8 a6 20. Bc7 0-0 21. Bxb6 c4 22. Rd7 Rb8 23. Rd8+ Rxd8 24. Bxd8 Kf8 25. Kf1 Ke8 26. Bb6 Kd7 27. a4 Be5 28. g3 Kc6 29. Bd4 Bb8 30. Bg7 Kb6 31. Bf8 Bd6 32. Ke2 Ka5 33. Kd2 Kxa4 34. Kc2 h5 35. Bg7 f6 36. Bh6 Kb5 0-1

[Event "Titled Tuesday intern op 01st Aug Early"]
[Site "Chess.com INT"]
[Date "2023.08.01"]
[Round "5"]
[White "Belov, Alexei"]
[Black "Tymrakiewicz, Rafal"]
[Result "1-0"]
[WhiteElo "2421"]
[BlackElo "2150"]
[PlyCount "75"]
[EventDate "2023.08.01"]
[EventType "swiss (blitz)"]
[EventRounds "11"]
[EventCountry "USA"]
[SourceTitle "EXT 2024"]
[Source "ChessBase"]
[SourceDate "2023.10.10"]
[SourceVersion "1"]
[SourceVersionDate "2023.10.10"]
[SourceQuality "1"]

1. e4 Nf6 2. e5 Nd5 3. d4 d6 4. Nf3 g6 5. Bc4 Nb6 6. Bb3 d5 7. 0-0 Nc6 8. c3 Bg7 9. Re1 0-0 10. Nbd2 f6 11. exf6 exf6 12. Nf1 Na5 13. Bc2 Re8 14. Ng3 Bg4 15. Rxe8+ Qxe8 16. b3 Bxf3 17. Qxf3 Qe1+ 18. Nf1 Re8 19. Rb1 Qe2 20. Qxe2 Rxe2 21. Bd2 Nc6 22. Bd3 Re7 23. a4 a6 24. Ne3 Rd7 25. Ra1 Ne7 26. a5 Nbc8 27. c4 f5 28. Bc3 c5 29. Nc2 Nd6 30. Re1 dxc4 31. bxc4 Nc6 32. Rb1 Nxd4 33. Nxd4 Bxd4 34. Bxd4 cxd4 35. c5 Ne4 36. Rc1 Kg7 37. f3 Nc3 38. Re1 1-0